Mad's Dave Berg looks at the U.S.A (Record no. 35751)

MARC details
000 -LEADER
fixed length control field 00265nam a2200109Ia 4500
082 ## - DEWEY DECIMAL CLASSIFICATION NUMBER
Classification number 82-7
Item number BER
100 ## - MAIN ENTRY--AUTHOR NAME
Personal name Berg, Dave
245 #0 - TITLE STATEMENT
Title Mad's Dave Berg looks at the U.S.A
260 ## - PUBLICATION, DISTRIBUTION, ETC. (IMPRINT)
Place of publication London
Name of publisher Nel
Year of publication 1964
942 ## - ADDED ENTRY ELEMENTS (KOHA)
Koha item type Books
Holdings
Withdrawn status Lost status Damaged status Not for loan Home library Current library Date acquired Full call number Accession Number Koha item type
        RRII Library RRII Library 16/12/2021 82-7 BER 16173 Books